Ciclo económico forestal : situación actual de la industria del aserrío /

Documento del Programa de Desararrollo Forestal de Jalisco (PRODEFO) que expone los problemas del deterioro de la capacidad productiva y renovación de los recursos silvícolas del estado. El organismo considera al sector como un pilar potencial para reactivar la economía de la entidad.

-д хадгалсан:
Номзүйн дэлгэрэнгүй
Үндсэн зохиолч: González Bustamante, Alejandro (autor)
Бусад зохиолчид: Wettling González, Oscar (autor) (autor), Viveros, Ismael (autor) (autor)
Формат: Ном
Хэл сонгох:испани
Цуврал:(Documento Técnico ; 3)
Нөхцлүүд:
Шошгууд: Шошго нэмэх
Шошго байхгүй, Энэхүү баримтыг шошголох эхний хүн болох!

MARC

LEADER 00000nam^a2200000^a^4500
001 000121410
005 20250521000000.0
009 20260310094427.106
037 |a Acervo ITESO - Biblioteca 
041 |a ESP 
082 |a 338. 17498097235  |b CIC 1997 V. 3 
100 |a González Bustamante, Alejandro  |e (autor) 
240 1 1 |a [Ciclo económico forestal] 
245 1 0 |a Ciclo económico forestal :  |b situación actual de la industria del aserrío /  |c A. González Bustamante, O. Wettling González, I. Viveros. 
246 2 |a Título en la cubierta: Programa de Desarrollo Forestal Integral de Jalisco 
264 |a Guadalajara, México :  |b Gobierno del Estado de Jalisco, Programa de Desarrollo Forestal :  |b SEFUNCO,  |c 1997 
300 |a 20 p. 
336 |a texto  |b txt  |2 rdacontenido 
337 |a sin mediación  |b n  |2 rdamedio 
338 |a volumen  |b nc  |2 rdasoporte 
440 1 |a (Documento Técnico ;  |v 3) 
520 |a Documento del Programa de Desararrollo Forestal de Jalisco (PRODEFO) que expone los problemas del deterioro de la capacidad productiva y renovación de los recursos silvícolas del estado. El organismo considera al sector como un pilar potencial para reactivar la economía de la entidad. 
649 |a XX 
650 |a Herramientas 
650 |a Maquinaria de Carpintería 
650 |a Madera 
650 |a Aserraderos -  |z Jalisco -  |x Condiciones Tecnológicas 
650 |a Aserraderos -  |x Equipo y Aparatos 
650 |a Bosques 
650 |a Industria Maderera 
650 |a Formación y Capacitación Laboral 
650 |a Empleo y Desempleo 
650 |a Programas Gubernamentales -  |z Jalisco 
650 |a Economía -  |z Jalisco 
700 |a Wettling González, Oscar  |e (autor) 
700 |a Viveros, Ismael  |e (autor) 
910 |a Fondo General 
920 |a Impresos - Libros 
930 |a Colección General 
905 |a 101 
901 |a 0500056071  |b IT1  |c ACC  |u 20250521 
902 |a https://opac.biblio.iteso.mx/vufind/Record/000121410